Random Words in Latin - Statistics

General Stats
  • This quiz has been taken 136 times
  • The average score is 6 of 18
Answer Stats
Hint Answer % Correct
deus god
86%
oculus eye
84%
fenestra window
67%
profundus deep
64%
ignis fire
61%
barba beard
49%
flumen river
40%
crescere grow
32%
hic here
27%
par even
18%
manere stay
15%
lectus bed
10%
quia because
8%
ibis there
7%
creta chalk
3%
claudus lame
3%
pulpa flesh
2%
pipire chirp
0%
No matching quizzes found
Score Distribution
Percent of People with Each Score
Percentile by Number Answered
Your Score History
You have not taken this quiz